000 00425nam a2200169Ia 4500
008 100917s9999 xx 000 0 und d
082 _b3689
100 _aभिडे भि. गो.
245 _aउषादेवी
260 _b---
365 _b3
520 _aकादंबरी
630 _aउषादेवी
650 _aकादंबरी
730 _aउषादेवी
942 _cBOOK
999 _c609083
_d609080